000
00271nam a2200109Ia 4500
008
200302s9999 xx 000 0 und d
100
_a
Steven J. Strong & Others
245
_a
The Solar Electric House
260
_b
Sustainability Press
260
_c
1987
300
_a
276 P.,
999
_c
2037
_d
2037